All general characters - clash o Rama - Statistics

General Stats
  • This quiz has been taken 15 times
  • The average score is 12 of 84
Answer Stats
Answer % Correct
Archer
75%
Goblin
58%
Barbarian
50%
Giant
50%
Wizard
50%
Archer queen
42%
Baby dragon
42%
Electro wizard
33%
Hog
33%
Ice wizard
33%
Knight
33%
P.E.K.K.A
33%
Spear goblins
33%
Valkyrie
33%
Barbarian king
25%
Bomber
25%
Builder
25%
Executioner
25%
Hog rider
25%
Mini P.E.K.K.A
25%
Prince
25%
Princess
25%
Royal giant
25%
Skeletons
25%
Sparky
25%
Villager
25%
Wall breaker
25%
Witch
25%
Balloon
17%
Blue king
17%
Lumberjack
17%
Magic archer
17%
Musketeer
17%
Red king
17%
Bandit
8%
Barbarian barrel
8%
Bat
8%
Battle ram
8%
Bowler
8%
Dark prince
8%
Elite barbarian
8%
Fire spirit
8%
Goblin barrel
8%
Golem
8%
Grand warden
8%
Guard
8%
Ice golem
8%
Ice spirit
8%
Inferno dragon
8%
Lava hound
8%
Minions
8%
Night witch
8%
Royal ghost
8%
Tesla
8%
Tornado
8%
Air sweeper
0%
Archer tower
0%
Bomb tower
0%
Cannon cart
0%
Dark elixir drill
0%
Dart goblin
0%
Fireball
0%
Furnace
0%
Giant skeleton
0%
Goblin hut
0%
Golemites
0%
Green dragon
0%
Heal
0%
Healer
0%
Inferno tower
0%
Lava pup
0%
Log
0%
Miner
0%
Mirror
0%
Mortar
0%
Purple dragon
0%
Rage spell
0%
Rascals
0%
Rocket
0%
Santa suprise
0%
Skeleton barrel
0%
Three musketeers
0%
Wizard tower
0%
X-bow
0%
No matching quizzes found
Score Distribution
Percent of People with Each Score
Percentile by Number Answered
Your Score History
You have not taken this quiz